Quiz Name to User #1 - Statistics

General Stats
  • This quiz has been taken 9 times
  • The average score is 5 of 20
Answer Stats
Quiz Name User % Correct
Countries Closest to Spain Jerry928
75%
Countries by Borders scambigol
75%
Countries of Africa LBA
63%
Car Logos Quiz Quizzer6794
50%
The Seven Continents Quiz Quizzer6794
50%
Cities Beginning With "D" Map Quiz relessness
50%
Countries of Europe - 1 Minute Sprint relessness
38%
US States by First Two Letters in 30 Seconds cosmokim
25%
Fast Typing A to Z johnnyaitch
25%
Country Shapes in the World Map #1 KoljiVriVoda
25%
US States by Borders scambigol
25%
South American Cities on the Map Jiaozira
13%
Most Common Last Names in the UK Kvkq
13%
Countries with Aircraft Carriers milk
13%
Political Figures by Last Name buck1017
0%
Most Expensive Football Transfers ImDB
0%
Top 10 Least Dense US States longdays2
0%
Geographic Groups of Two manchesterunited10
0%
Word Scramble - Beers olebiatch
0%
The 100 Greatest Novels ZacharyGeorgeNN
0%
No matching quizzes found
Score Distribution
Percent of People with Each Score
Percentile by Number Answered
Your Score History
You have not taken this quiz